000 00730nam a22002177a 4500
003 UA-OsUOA
001 76459
007 ta
008 20110705b un ||||| |||| 00| 0 ukr d
100 _aЛейн Д
090 _a32
_bЛ42
942 _cSA
040 _aUA-OsUOA
_bukr
_cUA-OsUOA
_dUA-OsUOA
245 _aГромадянське суспільство у старих і нових державах-членах ЄС. Ідеологія, інституції та просування демократії
300 _aС.37-59
955 _a0
041 _aukr
080 _a32
773 0 _w76458
_tСоціологія: теорія, методи, маркетинг
_dК.
_d2011
_g2
650 7 _a32 Політика
_2UDC
999 _c362759
_d362759